Logo BPK

Biblioteka

Politechniki Koszalińskiej

Übungsgrammatik Deutsch / (Rekord nr 54365)

Szczegóły MARC
000 -ETYKIETA REKORDU
podpole kontrolne o stałej długości 00709nam a2200241 i 4500
001 - NUMER KONTROLNY REKORDU
pole kontrolne bg
020 ## - MIĘDZYNARODOWY ZNORMALIZOWANY NUMER KSIĄŻKI - ISBN
ISBN 3468494947
020 ## - MIĘDZYNARODOWY ZNORMALIZOWANY NUMER KSIĄŻKI - ISBN
ISBN 9783468494949
040 ## - ŹRÓDŁO KATALOGOWANIA
Instytucja, która utworzyła rekord BPK
041 0# - KOD JĘZYKA
Kod języka tekstu ger
044 ## - KOD KRAJU WYDAWCY/PRODUCENTA
Kod kraju wydawcy/producenta DEU
080 ## - UNIWERSALNA KLASYFIKACJA DZIESIĘTNA - UKD
UKD 811.112.2'36(076)
008 - POLE O STAŁEJ DŁUGOŚCI - DANE KONTROLNE
podpole kontrolne o stałej długości s pl f |000 0 pol
100 1# - NAZWA OSOBOWA
Nazwa osobowa Helbig, Gerhard
Daty związane z nazwą (1929-2008).
245 00 - TYTUŁ/ODPOWIEDZIALNOŚĆ
Tytuł Übungsgrammatik Deutsch /
Pozostałe elementy strefy tytułu i oznaczenia odpowiedzialności Gerhard Helbig, Joachim Buscha.
260 ## - STREFA ADRESU WYDAWNICZEGO
Miejsce wydania Berlin [etc.] :
Nazwa wydawcy/dystrybutora Langenscheidt ;
Data publikacji, dystrybucji/powstania dokumentu cop. 2000
Data produkcji (2005).
300 ## - STREFA OPISU FIZYCZNEGO
Objętość 379 s. :
Rozmiary 22 cm.
650 #9 - HASŁO PRZEDMIOTOWE W FORMIE NAZWY OGÓLNEJ LUB JEDNOSTKOWEJ
Nazwa ogólna lub geograficzna Język niemiecki
Określnik ogólny gramatyka
655 ## - TERMIN INDEKSOWY - OKREŚLENIE RODZAJU/FORMY DOKUMENTU
Określenie rodzaju/formy dokumentu Ćwiczenia i zadania
700 1# - HASŁO DODATKOWE - NAZWA OSOBOWA
Nazwa osobowa Buscha, Joachim.
942 ## - DODATKOWE ELEMENTY (KOHA)
Typ dokumentu Książka
Egzemplarze
Wycofany Status egzemplarza Uszkodzony Dostępność Lokalizacja stała Lokalizacja bieżąca Miejsce przechowywania Sygnatura Kod kreskowy Dział Typ dokumentu Status: wypożyczony Ostatnio wypożyczono
      Tylko na miejscu Biblioteka Politechniki Koszalińskiej Biblioteka Politechniki Koszalińskiej Czytelnia Wydziałowa ul. Kwiatkowskiego 6e 85635 02408804 811.112.2'36 Język niemiecki - gramatyka Książka    
      Dostępny Biblioteka Politechniki Koszalińskiej Biblioteka Politechniki Koszalińskiej Wypożyczalnia BG 85636 02408798   Książka 18.07.2026 18.02.2026
      Dostępny Biblioteka Politechniki Koszalińskiej Biblioteka Politechniki Koszalińskiej Wypożyczalnia BG 85637 02408781   Książka   01.03.2013
© 2023 Biblioteka Politechniki Koszalińskiej :: KOHA